| 000 | 00509nam a22001817a 4500 | ||
|---|---|---|---|
| 003 | BD-DhUL | ||
| 005 | 20170211185226.0 | ||
| 008 | 170211s0000 xxua|||| |||| 000 0 eng d | ||
| 040 |
_aBD-DhUL _cBD-DhUL |
||
| 082 |
_a810.4 _bVOF |
||
| 110 | 1 | _aVoice of America | |
| 245 | 1 | 0 |
_aForum Lectures / _b _cVoice of America |
| 260 |
_aWashington : _bInformation Agency, _c0000. |
||
| 300 |
_ap. : _bill. ; _c24 cm. |
||
| 490 |
_aAmerican novel series _vNo. 1. |
||
| 650 | 0 | _aAmerican Literature. | |
| 942 |
_2ddc _cBK |
||
| 999 |
_c156917 _d156917 |
||